Sports Quiz

Random Sports or Soccer Quiz

Hand-Drawn Soccer Quiz Stats

 Plays Quiz Updated Jan 21, 2018

Also try: Hand-Drawn Movies
Challenge
Share
Tweet
Score 0/20 Timer 05:00
3 Plays Today
% Correct
God
95.8%
Pelé
94.3%
England
91.8%
Zidane
91.6%
Beckham
84.9%
Maradona
84.6%
Balotelli
84.3%
Best
73.9%
Scorpion
71.9%
Cantona
70.6%
% Correct
Klinsmann
65.7%
Cruyff
62.6%
Völler
56%
Gascoigne
55.7%
Milla
53.2%
Keown
52.4%
Scotland
46.1%
Butcher
41.4%
Grobbelaar
33.1%
Chastain
25.7%

You're not logged in!

Compare scores with friends on all Sporcle quizzes.
OR
Log In

You Might Also Like...

Show Comments

Extras

Top Quizzes Today


Score Distribution

Your Account Isn't Verified!

In order to create a playlist on Sporcle, you need to verify the email address you used during registration. Go to your Sporcle Settings to finish the process.

Report this User

Report this user for behavior that violates our Community Guidelines.

Details: